Movies Quiz

Random Movies or Oscar Quiz

'The' Best Picture Winners Quiz Stats

Quiz Updated Mar 5, 2018

Challenge
Share
Tweet
Embed
Score 0/23 Timer 06:00
0 Plays Today
Best Picture Winner % Correct
The Hurt Locker
73.7%
The Artist
73.6%
The Shape of Water
71.3%
The Godfather
64.1%
The Departed
56.6%
The Godfather Part II
54.6%
The Lord of the Rings: The Return of the King
48.3%
The Silence of the Lambs
41.5%
The English Patient
37.3%
The Sting
36.3%
The Deer Hunter
33.7%
The Sound of Music
30.3%
Best Picture Winner % Correct
The French Connection
30.2%
The King's Speech
27.3%
The Last Emperor
25.2%
The Apartment
24.2%
The Best Years of Our Lives
23.2%
The Bridge on the River Kwai
19.9%
The Greatest Show on Earth
19.1%
The Lost Weekend
14.4%
The Great Ziegfeld
13.7%
The Broadway Melody
13.6%
The Life of Emile Zola
13.4%

You're not logged in!

Compare scores with friends on all Sporcle quizzes.
Join for Free
OR
Log In

You Might Also Like...

Show Comments

Extras

Top Quizzes Today


Score Distribution

Your Account Isn't Verified!

In order to create a playlist on Sporcle, you need to verify the email address you used during registration. Go to your Sporcle Settings to finish the process.

Report this User

Report this user for behavior that violates our Community Guidelines.

Details: